000 00446nam a2200193 a 4500
001 BRCA_6214
005 20190320205355.0
008 180711s1951----gw-#######---#000-0#ger-#
041 _ager
044 _agw
050 4 _aRM222.2
_b.K6 1951
245 1 0 _aIss dich schlank
_cDonald G. Cooley.
260 _aZurich
_bA. Muller
_c1951
300 _a206 p.
_c18 cm.
500 _aK73
650 1 4 _aDietas
_915439
902 _aGFM
942 _2lcc
_cB
999 _c5901
_d5901